000 01941nam0a2200385 i 4500
001 RU\NLR\bibl\1989848
005 20260405122017.0
021 _aRU
_b2012-99543
_97344
035 _a(nilc)RuMoRGB-006510924
035 _a(NLR Aleph) 001978401
090 _a4055084
_c4055084
100 _a20130109d2012 k y0rusy50 ca
101 0 _arus
_deng
102 _aRU
105 _ay |||||||||
200 1 _a"Ученые записки" ученого сословия (первая половина XIX века)
_fР.Х. Галиуллина, К.А. Ильина
210 _aМосква
_cНациональный исследовательский университет "Высшая школа экономики"
_d2012
215 _a41 с.
_d21
225 1 _aПрепринт
_fВысш. шк. экономики Нац. исслед. ун-т
_hСерия WP6
_iГуманитарные исследования
_fред.: И.М. Савельева
_vWP6/2012/02
300 _aНа обороте тит. л. авт.: Галиуллина Р.Х., к.ист.н., преп., Ильина К.А., к.ист.н.
300 _aРез. на англ. яз.
320 _aБиблиогр. в подстроч. прим.
606 1 _aУниверситеты
_xИздательская деятельность
_yРоссия
_z19 в.
_92155661
_3RU\NLR\auth\661602465
686 _aЧ214(2)731
686 _aЧ617.4(2)718
700 1 _4070
_7ca
_8rus
_aГалиуллина
_bР. Х.
_f1971-
_gРуфия Хазибовна
_9157591
_3RU\NLR\AUTH\770157631
701 1 _4070
_7ca
_8rus
_aИльина
_bК. А.
_cканд. ист. наук
_gКира Андреевна
_930868
_3RU\NLR\AUTH\7747933
801 0 _aRU
_bRuMoRKP
_c20130109
_gRCR
801 2 _aRU
_bРГБ
_c20130124
_grcr
801 1 _aRU
_bRuMoRKP
_c20130109
_2rusmarc
801 2 _aRU
_bNLR
_c20130121
_grcr
830 _aавт. по кн.
942 _cBOOK
980 _aNBR